The Keeping of Attorneys' Books / (Record no. 114)

MARC details
000 -LEADER
fixed length control field 00550nam a22001817a 4500
005 - DATE AND TIME OF INPUT
control field 20231027103937.0
008 - DATA ELEMENTS--GENERAL INFORMATION
fixed length control field 231027b |||||||| |||| 00| 0 eng d
020 ## - INTERNATIONAL STANDARD BOOK NUMBER
International Standard Book Number 0702111686
041 ## - LANGUAGE CODE
Language code of text English
082 ## - SHELF NUMBER
DDC number 657 BOB
100 ## - MAIN AUTHOR
Main author's name Bobrov, J and Faul, MA
Language of a work English
245 ## - TITLE STATEMENT
Title The Keeping of Attorneys' Books /
Statement of responsibility, etc. J Bobrov and MA Faul
250 ## - EDITION STATEMENT
Edition statement Third Edition
260 ## - PUBLICATION, DISTRIBUTION, ETC.
Place of publication, distribution, etc. Cape Town :
Name of publisher, distributor, etc. Juta and Company Ltd,
Date of publication, distribution, etc. 1981
300 ## - PHYSICAL DESCRIPTION
Other physical details ix, 117 pages ;
Dimensions 26 cm.
650 ## - SUBJECT`
Broad subject Legal practice
Own subject terms Law
942 ## - ADDED ENTRY ELEMENTS (KOHA)
Item type Books
942 ## - ADDED ENTRY ELEMENTS (KOHA)
-- ALISON_BN_VRIES
Holdings
Source of classification or shelving scheme Not for loan Collection code Home library Current library Shelving location Date acquired Full call number Barcode Price effective from Koha item type
Dewey Decimal Classification   TEXT BOOKS LAW SOCIETY OF NAMIBIA LIBRARY - WINDHOEK LAW SOCIETY OF NAMIBIA LIBRARY - WINDHOEK Evidence law 10/27/2023 657 BOB LSN/2017/13 10/27/2023 Books